Las Fuerzas productivas y las relaciones de producción en la pequeña propiedad campesina /

में बचाया:
ग्रंथसूची विवरण
मुख्य लेखक: Roy Torrentes, Fernando
निगमित लेखकों: UNA, Facultad de Ciencias Sociales
अन्य लेखक: Mayorga Arguedas, Jorge Blanco Sáenz, Carlos
स्वरूप: मूलपाठ
प्रकाशित: Heredia: UNA
टैग: टैग जोड़ें
कोई टैग नहीं, इस रिकॉर्ड को टैग करने वाले पहले व्यक्ति बनें!

MARC

LEADER 00000 a a2200000 04500
001 23226
003
040
090 |a 160700  
100 |a Roy Torrentes, Fernando  
110 |a UNA  
245 |a Las Fuerzas productivas y las relaciones de producción en la pequeña propiedad campesina /  |c UNA  
260 |a Heredia:   |b UNA  
300 |a 35 p  
700 |a Mayorga Arguedas, Jorge   |a Blanco Sáenz, Carlos  
710 |a Facultad de Ciencias Sociales  
999 |c 15451  |d 15451